1026 1477 1218 1789 1433 1189 1879 1275 1116 1336 1562 1445 1569 1925 1661 1190 1297 1420 1995 1418 1992 1898 1819 1868 1921 1293 1855 1858 1658 1436 1562 1006 1294 1374 1635 1716 1400 1496 1788 1154 1568 1191 1186 1846 1831 1162 1909 1251 1595 1492 1418 1858 1822 1038 1718 1317 1640 1709 1557 1670 1837 1780 1001 1949 1656 1827 1648 1893 1037 1078 1123 1041 1905 1589 1304 1850 1091 1886 1660 1689 1274 1389 1199 1390 1213 1993 1864 1099 1784 1230 1947 1229 1709 1130 1950 1684 1334 1145 1355 BCNSPRNW ULIB Ver.6.0+V

เปลี่ยนเป็นภาษาไทย

Change to English
 แสดงรายละเอียดบรรณานุกรม
  กลับหน้าหลัก

Brief Record : Get Marc (ISO 2709) : E-mail record : QR code < ปิดหน้าต่าง
LEADER : 00000nam 2200000uu 4500
001    13399114573
003     ULIB
008    120418s2548||||th 000 0 tha d
020    ^a9749346645
090    ^aนว.^bซ951จ 2548
100 0  ^asirena
245 00 ^aเจ้าหญิงตัวร้ายกับนายจอมเวท/^csirena
250    ^aพิมพ์ครั้งที่ 1
260    ^aกรุงเทพฯ :^bสีม่วงอ่อน,^c2548
300    ^a352 หน้า
710 1  ^aสีม่วงอ่อน
945    ^p239^l0^i24725
995    ^aกัณชพร
999    ^aใช้งานได้ทุกระบบ
รายการนี้ยังไม่มีแท็ก
คุณยังไม่ได้ล็อกอิน คุณสามารถมีกิจกรรมร่วมกับเว็บไซต์ได้ แต่ต้องล็อกอินก่อน ::
  ล็อกอิน

รายการสื่อสารสนเทศ

ลำดับที่ ประเภท เลขเรียก/บาร์โค้ด สถานที่ สถานะ
1. วิทยาศาสตร์การแพทย์ และสุขภาพ
วิทยาศาสตร์การแพทย์ และสุขภาพ
นว. ซ951จ 2548  
  Barcode: 24725
ห้องสมุดวิทยาเขตสวรรค์ประชารักษ์
►นวนิยาย
บนชั้น
  ขอยืม

BibComment


ยังไม่เคยถูกคอมเมนท์

คอมเมนท์ทรัพยากรรายการนี้
  คอมเมนท์: เจ้าหญิงตัวร้ายก..


 Copyright 2026. Bcnsprnw @Library